Enseignements de Spécialité - Lycée Général - Statistiques

Statistiques générales
  • Ce quiz a été pris 44 fois
  • Le résultat moyen est 8 sur 13
Statistiques - réponses
Réponse % Correct
Sciences de la vie et de la Terre
95%
Sciences de l'ingénieur
95%
Histoire Géographique, Géopolitique et Sciences politiques
90%
Mathématiques
90%
Humanités, Littérature et Philosophie
88%
Physique Chimie
85%
Sciences Économiques et Sociales
78%
Langues, Littératures et Cultures Étrangères
73%
Numérique et Sciences Informatiques
51%
Arts
39%
Éducation Physique, Pratiques et Culture Sportives
24%
Littérature, Langues et Cultures de l'Antiquité
7%
Biologie Écologie
0%
Aucun quiz correspondant
Distribution des résultats
% des personnes avec chaque résultat
Percentile par nombre de réponses
Votre historique - résultats
Vous n’avez pas pris ce quiz